Fastest rate of contraction in activity in three months as new orders fall (Record no. 113275)

MARC details
000 -LEADER
fixed length control field 01030cad a22002055a 4500
001 - CONTROL NUMBER
control field L154995
008 - FIXED-LENGTH DATA ELEMENTS--GENERAL INFORMATION
fixed length control field 120215e20120213xxk f 000 0 eng d
035 ## - SYSTEM CONTROL NUMBER
System control number (Sirsi) u154995
041 0# - LANGUAGE CODE
Language code of text/sound track or separate title eng
110 2# - MAIN ENTRY--CORPORATE NAME
Corporate name or jurisdiction name as entry element Markit
9 (RLIN) 5915
245 00 - TITLE STATEMENT
Title Fastest rate of contraction in activity in three months as new orders fall
Medium [electronic resource]
260 ## - PUBLICATION, DISTRIBUTION, ETC.
Date of publication, distribution, etc. 2012
490 ## - SERIES STATEMENT
Series statement Ulster Bank Construction PMI Report News Release
Volume/sequential designation 13 February 2012
520 ## - SUMMARY, ETC.
Summary, etc. After stabilising at the end of 2011, Irish construction activity fell again at the start of 2012 as new business returned to contraction territory; jobs continued to be cut sharply in the sector; and firms lowered their purchasing activity at the weakest pace since January 2011 in the Republic of Ireland.
590 ## - LOCAL NOTE (RLIN)
Local note KA
651 #4 - SUBJECT ADDED ENTRY--GEOGRAPHIC NAME
Geographic name Ireland (Republic of)
Chronological subdivision
690 ## - LOCAL SUBJECT ADDED ENTRY--TOPICAL TERM (OCLC, RLIN)
Topical term or geographic name as entry element Construction management
9 (RLIN) 6230
856 40 - ELECTRONIC LOCATION AND ACCESS
Uniform Resource Identifier <a href="https://www.markiteconomics.com/MarkitFiles/Pages/ViewPressRelease.aspx?ID=9170">https://www.markiteconomics.com/MarkitFiles/Pages/ViewPressRelease.aspx?ID=9170</a>
Public note View this item free of charge at www.markiteconomics.com
942 ## - ADDED ENTRY ELEMENTS (KOHA)
Suppress in OPAC 0
Holdings
Withdrawn status Lost status Source of classification or shelving scheme Damaged status Not for loan Home library Current library Shelving location Date acquired Total Checkouts Full call number Barcode Date last seen Copy number Price effective from Koha item type
    Dewey Decimal Classification     Virtual Virtual Online 15/02/2012   ONLINE PUBLICATION 154995-2001 06/08/2019 1 06/08/2019 Book